000 00920nam a2200265Ia 4500
003 OSt
005 20220923211351.0
006 a|||||r|||| 00| 0
007 ta
008 220922b |||||||| |||| 00| 0 san d
020 _a9788186700439 (hbk)
_c2100
024 _a261,142
037 _b346, 26/03/2012, Vidyanidhi Prakashan
_cTextual
040 _aARTS
_cARTS
_bsan
041 _2san
_asan
082 _aQ11:21, 152P4.7
100 _aकम्बोज, जियालाल
_9156271
245 0 _aऋग्वेद संहिता
246 _aṚugved sanhitā
260 _aदिल्ली
_b विद्यानिधि प्रकाशन
_c2004
490 _vभाग 7
650 _aधर्मशास्त्र
942 _hQ11:21, 152P4.7
_cTEXL
_2CC
999 _c298845
_d298845